western nights - ethel cain - Statistics

General Stats
  • This quiz has been taken 12 times
  • The average score is 287 of 311
Answer Stats
Answer % Correct
a
100%
all
100%
always
100%
and
100%
at
100%
atms
100%
baby
100%
be
100%
beautiful
100%
black
100%
blue
100%
breaking
100%
but
100%
daddy
100%
do
100%
dont
100%
even
100%
find
100%
gets
100%
gonna
100%
have
100%
havent
100%
hes
100%
him
100%
his
100%
hot
100%
how
100%
i
100%
if
100%
ill
100%
in
100%
it
100%
know
100%
leave
100%
like
100%
long
100%
looked
100%
love
100%
me
100%
my
100%
naked
100%
neighbors
100%
never
100%
nights
100%
of
100%
on
100%
right
100%
say
100%
shades
100%
show
100%
sleeping
100%
so
100%
spoken
100%
the
100%
there
100%
these
100%
through
100%
time
100%
to
100%
too
100%
troubles
100%
walls
100%
want
100%
western
100%
when
100%
will
100%
worry
100%
would
100%
you
100%
your
100%
across
88%
alright
88%
are
88%
ask
88%
asked
88%
because
88%
bed
88%
beside
88%
crying
88%
face
88%
first
88%
gun
88%
happy
88%
hold
88%
id
88%
im
88%
known
88%
left
88%
lose
88%
lot
88%
mean
88%
mind
88%
more
88%
much
88%
no
88%
only
88%
paper
88%
parking
88%
riding
88%
should
88%
that
88%
thin
88%
watched
88%
whats
88%
while
88%
bar
75%
beat
75%
cause
75%
could
75%
day
75%
die
75%
every
75%
fights
75%
getting
75%
harley
75%
keeps
75%
light
75%
line
75%
lying
75%
moneys
75%
name
75%
need
75%
neighborhood
75%
okay
75%
one
75%
onto
75%
out
75%
screaming
75%
sheets
75%
smaller
75%
starting
75%
state
75%
street
75%
thats
75%
theres
75%
undressed
75%
youll
75%
addict
63%
behind
63%
blind
63%
clinging
63%
down
63%
gas
63%
please
63%
static
63%
stations
63%
still
63%
tv
63%
interstate
50%
past
50%
some
50%
starved
50%
trailing
50%
asking
13%
No matching quizzes found
Score Distribution
Percent of People with Each Score
Percentile by Number Answered
Your Score History
You have not taken this quiz